Vestník.
| Format: | Serial |
|---|---|
| Language: | English |
| Published: |
[s.l.]
[s.n]
|
MARC
| LEADER | 00000nas a2200000 a 4500 | ||
|---|---|---|---|
| 001 | vtls009167079 | ||
| 003 | SK-MaSNL | ||
| 005 | 20260221114055.0 | ||
| 008 | 071213c mr1 0 0eng d | ||
| 040 | |a SNK |b slo |c SNK | ||
| 245 | 0 | 0 | |a Vestník. |
| 260 | |a [s.l.] |b [s.n] | ||
| 500 | |a Popis podľa: Č. 2-19, 1918 | ||
| 910 | |a snk | ||
| 999 | |c 3100 |d 5030 | ||
| 952 | |0 0 |1 0 |3 rekatalogizácia |4 0 |7 0 |8 5 |a SNK |b SNK |d 2007-12-13 |i snkČSF 1085/56 |l 0 |o snkČSA 458/1918 |p 17A0568609 |r 2026-02-21 20:21:33 |t č. 2-19, neúplný |w 2026-02-21 |y PREZ | ||


